| 000 | 00761nam a22002411i 4500 | ||
|---|---|---|---|
| 001 | |||
| 003 | DO-SdBNP | ||
| 005 | 20170118155802.0 | ||
| 008 | 930725s1975 xxr spa | ||
| 016 | 7 |
_a _z _2BPMSU |
|
| 035 | _a(OCoLC) | ||
| 040 |
_aBPMSU _bspa _cBPMSU |
||
| 041 | 1 |
_aspa _h |
|
| 080 | 0 | _a | |
| 100 | 1 | _aMijalkov, Sergueï Vladimirovich | |
| 245 | 1 | 0 |
_aDesde la carroza tarda hasta el cohete en volandas / _h _cSerguei Mijalkov ; Traducido del ruso por María Canovas ; Dibujos de Vitali Statsinski |
| 260 |
_aMoscú : _bEditoria Progreso, _c1975 |
||
| 300 |
_a10 h. con lám. _bil. ; _c28 cm |
||
| 700 | 1 |
_aCánovas, María _etr. |
|
| 700 | 1 | _aStatsinskii, Vitalii | |
| 942 |
_2ddc _cBK |
||
| 956 |
_a VMATEO _b10 _c201701018 _dBPMSU _f0069 |
||
| 999 |
_c12521 _d12521 |
||